[Event "Titled Tuesday intern op 16th Apr Early"]
[Site "Chess.com INT"]
[Date "2024.04.16"]
[Round "8"]
[White "Fakhretdinova, Margarita"]
[Black "Tao, Sihan"]
[Result "0-1"]
[WhiteElo "2153"]
[BlackElo "2147"]
[PlyCount "84"]
[EventDate "2024.04.16"]
[EventType "swiss (blitz)"]
[EventRounds "11"]
[EventCountry "USA"]
[SourceTitle "CB17_2024"]
[SourceDate "2024.04.24"]
[SourceVersion "1"]
[SourceVersionDate "2024.04.24"]
[SourceQuality "1"]

1. e4 c5 2. Nf3 d6 3. d4 cxd4 4. Nxd4 Nf6 5. Nc3 Nc6 6. Be3 Ng4 7. Nxc6 bxc6 8. Bc1 g6 9. Be2 h5 10. h3 Nf6 11. Be3 Bg7 12. Qd2 Qa5 13. 0-0 0-0 14. Bh6 Rb8 15. Bxg7 Kxg7 16. Rab1 Rd8 17. Rfd1 Be6 18. a3 Rd7 19. Qe3 Rdb7 20. Qc1 Qe5 21. f4 Qc5+ 22. Kh2 Qf2 23. Rf1 Qd4 24. f5 Qe5+ 25. Kh1 Bd7 26. fxg6 fxg6 27. Bd3 Rh8 28. Be2 Be6 29. Bd3 Rbb8 30. Qd2 Rbf8 31. Rf2 Ng4 32. hxg4 hxg4+ 33. Kg1 Qd4 34. g3 Rh3 35. Kg2 Rxf2+ 36. Qxf2 Rh2+ 37. Kxh2 Qxf2+ 38. Kh1 Qxg3 39. Ne2 Qh3+ 40. Kg1 g3 41. Nf4 Qh2+ 42. Kf1 Qf2# 0-1

[Event "Titled Tuesday intern op 16th Apr Early"]
[Site "Chess.com INT"]
[Date "2024.04.16"]
[Round "1"]
[White "Tao, Sihan"]
[Black "Ashraf, Artin"]
[Result "0-1"]
[WhiteElo "2147"]
[BlackElo "2399"]
[PlyCount "44"]
[EventDate "2024.04.16"]
[EventType "swiss (blitz)"]
[EventRounds "11"]
[EventCountry "USA"]
[SourceTitle "CB17_2024"]
[SourceDate "2024.04.24"]
[SourceVersion "1"]
[SourceVersionDate "2024.04.24"]
[SourceQuality "1"]

1. e4 e5 2. Nf3 Nc6 3. Bc4 Bc5 4. d3 Nf6 5. Be3 d6 6. 0-0 0-0 7. Nc3 Bg4 8. h3 Bh5 9. a3 Nd4 10. Bxd4 Bxd4 11. Qd2 Bxf3 12. gxf3 Nh5 13. Ne2 Bxb2 14. Rab1 Bxa3 15. Rxb7 Bc5 16. Kg2 Bb6 17. c3 Qc8 18. Ba6 Qe6 19. d4 Kh8 20. d5 Qe7 21. c4 f5 22. Bb5 Rf6 0-1

[Event "Titled Tuesday intern op 16th Apr Early"]
[Site "Chess.com INT"]
[Date "2024.04.16"]
[Round "4"]
[White "Tao, Sihan"]
[Black "Rustamov, Rustam"]
[Result "0-1"]
[WhiteElo "2147"]
[BlackElo "2261"]
[PlyCount "50"]
[EventDate "2024.04.16"]
[EventType "swiss (blitz)"]
[EventRounds "11"]
[EventCountry "USA"]
[SourceTitle "CB17_2024"]
[SourceDate "2024.04.24"]
[SourceVersion "1"]
[SourceVersionDate "2024.04.24"]
[SourceQuality "1"]

1. e4 c5 2. Nf3 d6 3. d4 cxd4 4. Nxd4 Nf6 5. Nc3 e5 6. Bb5+ Nbd7 7. Nf5 a6 8. Ba4 b5 9. Bb3 Nc5 10. 0-0 Nxb3 11. axb3 Nxe4 12. Nxg7+ Bxg7 13. Nxe4 d5 14. Ng3 0-0 15. Qh5 f5 16. Bh6 Qf6 17. Bxg7 Qxg7 18. Rfe1 f4 19. Nf1 Bf5 20. Rad1 d4 21. c3 Bg4 22. Qh4 Bxd1 23. Rxd1 Rad8 24. g3 Rd6 25. cxd4 Rh6 0-1

[Event "Titled Tuesday intern op 02nd Apr Early"]
[Site "Chess.com INT"]
[Date "2024.04.02"]
[Round "9"]
[White "Tymrakiewicz, Rafal"]
[Black "Tao, Sihan"]
[Result "1-0"]
[WhiteElo "2135"]
[BlackElo "2147"]
[PlyCount "91"]
[EventDate "2024.04.02"]
[EventType "swiss (blitz)"]
[EventRounds "11"]
[EventCountry "USA"]
[SourceTitle "CB15_2024"]
[SourceDate "2024.04.10"]
[SourceVersion "1"]
[SourceVersionDate "2024.04.10"]
[SourceQuality "1"]

1. d4 Nf6 2. Bg5 e6 3. Nd2 c5 4. e3 Nc6 5. c3 h6 6. Bh4 b6 7. Ngf3 Bb7 8. Bd3 Be7 9. 0-0 0-0 10. Re1 Rc8 11. a3 d5 12. Bg3 Bd6 13. Ne5 Qc7 14. f4 Nd7 15. Qg4 f5 16. Qe2 Ndxe5 17. fxe5 Be7 18. Rf1 c4 19. Bc2 Na5 20. Bf4 Bc6 21. g4 g6 22. Bxh6 Rf7 23. Rf2 Kh7 24. Bf4 Rg8 25. Rg2 Rgg7 26. Kh1 Qd7 27. Rag1 Ba4 28. Bb1 Nb3 29. Nxb3 Bxb3 30. gxf5 gxf5 31. Qh5+ Kg8 32. Bh6 Bf8 33. Bxg7 Bxg7 34. Rg6 Ba4 35. Qg5 Qe7 36. Qg3 Be8 37. Rg5 Qf8 38. h4 Kh7 39. Rh5+ Kg8 40. Rg5 Kh7 41. h5 Re7 42. h6 Bxh6 43. Qh3 Bf7 44. Rxf5 exf5 45. Qxf5+ Kh8 46. Qh7# 1-0

[Event "Titled Tuesday intern op 06th Feb Early"]
[Site "Chess.com INT"]
[Date "2024.02.06"]
[Round "10"]
[White "Tao, Sihan"]
[Black "Diaz Rosas, Julio Cesar"]
[Result "1/2-1/2"]
[WhiteElo "2039"]
[BlackElo "2404"]
[PlyCount "114"]
[EventDate "2024.02.06"]
[EventType "swiss (blitz)"]
[EventRounds "11"]
[EventCountry "USA"]
[SourceTitle "CB07_2024"]
[SourceDate "2024.02.14"]
[SourceVersion "1"]
[SourceVersionDate "2024.02.14"]
[SourceQuality "1"]

1. e4 e5 2. Nf3 Nc6 3. Bb5 Nge7 4. 0-0 g6 5. d4 exd4 6. Nxd4 Bg7 7. Nxc6 Nxc6 8. Nc3 0-0 9. Be3 Re8 10. Bxc6 bxc6 11. Bd4 d6 12. Bxg7 Kxg7 13. Qd4+ Qf6 14. Rfd1 Qxd4 15. Rxd4 c5 16. Rd2 Rb8 17. b3 Bb7 18. f3 Bc6 19. Nd5 Bxd5 20. Rxd5 a5 21. Rad1 a4 22. e5 axb3 23. axb3 Rxe5 24. Rxe5 dxe5 25. Rd5 c4 26. bxc4 Kf6 27. Rc5 Rb2 28. Rxc7 Rxc2 29. Rc6+ Kf5 30. Rc7 f6 31. Rxh7 Rxc4 32. Rf7 Rc2 33. Rf8 Kg5 34. Ra8 f5 35. Ra4 Re2 36. Kf1 Rb2 37. Rc4 Kf6 38. Rc6+ Kg5 39. Rc4 Kh5 40. Rc6 Rb5 41. Kf2 g5 42. Rf6 f4 43. h3 Rb2+ 44. Kg1 Re2 45. Kh2 e4 46. fxe4 Rxe4 47. Rf8 Re2 48. Kg1 Kh4 49. Kh2 Kh5 50. Rf6 Rb2 51. Kg1 Ra2 52. Rf8 Kg6 53. Re8 Ra1+ 54. Kf2 Ra2+ 55. Re2 Ra3 56. Rc2 Kh5 57. Rc7 Ra2+ 1/2-1/2

[Event "Titled Tuesday intern op 06th Feb Early"]
[Site "Chess.com INT"]
[Date "2024.02.06"]
[Round "11"]
[White "Tao, Sihan"]
[Black "Gavrilov, Maxim"]
[Result "1-0"]
[WhiteElo "2039"]
[BlackElo "2167"]
[PlyCount "87"]
[EventDate "2024.02.06"]
[EventType "swiss (blitz)"]
[EventRounds "11"]
[EventCountry "USA"]
[SourceTitle "CB07_2024"]
[SourceDate "2024.02.14"]
[SourceVersion "1"]
[SourceVersionDate "2024.02.14"]
[SourceQuality "1"]

1. e4 c5 2. Nf3 d6 3. d4 cxd4 4. Nxd4 Nf6 5. Nc3 a6 6. f3 e5 7. Nb3 Be6 8. Be3 Be7 9. Qd2 0-0 10. 0-0-0 Nbd7 11. g4 b5 12. g5 Ne8 13. f4 b4 14. Ne2 a5 15. f5 a4 16. fxe6 axb3 17. cxb3 fxe6 18. Bh3 Rxa2 19. Bxe6+ Kh8 20. Kb1 Qa8 21. Ng3 Ra1+ 22. Kc2 Qc6+ 23. Bc4 Rxd1 24. Rxd1 Nc7 25. Kb1 Nb6 26. Bxb6 Qxb6 27. Rf1 Ra8 28. Rf7 Bf8 29. Qf2 Qxf2 30. Rxf2 g6 31. Rf7 Rc8 32. Nf1 d5 33. exd5 Bc5 34. Nd2 Ne8 35. Ne4 Nd6 36. Nxd6 Bxd6 37. Rd7 Bb8 38. d6 e4 39. Kc2 Re8 40. Re7 Rd8 41. d7 Bc7 42. Kd2 Bb6 43. Ke2 e3 44. Kd3 1-0

[Event "Titled Tuesday intern op 06th Feb Early"]
[Site "Chess.com INT"]
[Date "2024.02.06"]
[Round "3"]
[White "Tao, Sihan"]
[Black "Kislinsky, Alexey"]
[Result "1/2-1/2"]
[WhiteElo "2039"]
[BlackElo "2361"]
[PlyCount "146"]
[EventDate "2024.02.06"]
[EventType "swiss (blitz)"]
[EventRounds "11"]
[EventCountry "USA"]
[SourceTitle "CB07_2024"]
[SourceDate "2024.02.14"]
[SourceVersion "1"]
[SourceVersionDate "2024.02.14"]
[SourceQuality "1"]

1. e4 c5 2. Nf3 g6 3. d4 cxd4 4. Nxd4 Bg7 5. c4 Nc6 6. Be3 Nf6 7. Nc3 d6 8. Be2 0-0 9. 0-0 Bd7 10. f3 Nxd4 11. Bxd4 a5 12. Nd5 Ne8 13. Bb6 Qb8 14. Nxe7+ Kh8 15. Bd4 Nf6 16. Nd5 Qd8 17. Nxf6 Bxf6 18. Qd2 Kg8 19. Rfd1 Be6 20. Rab1 Bxd4+ 21. Qxd4 Qg5 22. Qd2 Qc5+ 23. Qd4 Qg5 24. Rd3 Rfd8 25. b3 h5 26. Qe3 Qf6 27. Rbd1 h4 28. Rxd6 Rxd6 29. Rxd6 Qa1+ 30. Kf2 Qxa2 31. Qc3 Qa3 32. Rd1 a4 33. Ra1 Qc5+ 34. Qe3 Qb4 35. Rxa4 Rxa4 36. bxa4 Qxa4 37. Qb6 Bxc4 38. Qd8+ Kh7 39. Qd4 b5 40. Bxc4 bxc4 41. Qf6 Qc2+ 42. Ke3 Qd3+ 43. Kf4 Qd2+ 44. Kg4 Qxg2+ 45. Kxh4 Qxh2+ 46. Kg4 Qh5+ 47. Kg3 g5 48. Qc6 Qh4+ 49. Kg2 g4 50. Qxc4 Qh3+ 51. Kg1 Qg3+ 52. Kh1 Qxf3+ 53. Kg1 g3 54. Qc2 Kh6 55. e5 Qe3+ 56. Kg2 Qxe5 57. Qc4 f5 58. Qf7 Kg5 59. Qh7 Qe2+ 60. Kxg3 f4+ 61. Kh3 Qg4+ 62. Kh2 Qh4+ 63. Qxh4+ Kxh4 64. Kg2 Kg4 65. Kf2 f3 66. Kf1 Kf4 67. Kf2 Ke4 68. Kf1 Ke3 69. Ke1 Kd3 70. Kf2 Ke4 71. Kf1 Ke3 72. Ke1 Kd3 73. Kf2 Ke4 1/2-1/2

[Event "Titled Tuesday intern op 06th Feb Early"]
[Site "Chess.com INT"]
[Date "2024.02.06"]
[Round "6"]
[White "Tao, Sihan"]
[Black "Romero Arzuaga, Yudel"]
[Result "1-0"]
[WhiteElo "2039"]
[BlackElo "2231"]
[PlyCount "81"]
[EventDate "2024.02.06"]
[EventType "swiss (blitz)"]
[EventRounds "11"]
[EventCountry "USA"]
[SourceTitle "CB07_2024"]
[SourceDate "2024.02.14"]
[SourceVersion "1"]
[SourceVersionDate "2024.02.14"]
[SourceQuality "1"]

1. c4 e6 2. Nc3 f5 3. g3 Nf6 4. Bg2 Bb4 5. Nf3 0-0 6. 0-0 Bxc3 7. dxc3 d6 8. Be3 Nc6 9. c5 d5 10. b4 a6 11. a4 e5 12. b5 e4 13. bxc6 exf3 14. cxb7 Bxb7 15. Bxf3 Bc6 16. Bd4 Ne4 17. e3 Qd7 18. Qc2 a5 19. c4 Rab8 20. cxd5 Bxd5 21. Rfd1 c6 22. Be5 Rbe8 23. Bd6 Rf7 24. Rab1 Qe6 25. Bg2 Rd7 26. Rb6 Nxd6 27. Bxd5 cxd5 28. Qd2 Red8 29. Rxd6 Rxd6 30. cxd6 Rxd6 31. Qxa5 h6 32. Qc3 Kh7 33. a5 Qe4 34. Qd3 Qe6 35. Ra1 Ra6 36. g4 Qe4 37. Qxe4 dxe4 38. gxf5 Kg8 39. Kg2 Kf7 40. Kg3 Kf6 41. Kf4 1-0

[Event "Titled Tuesday intern op 19th Dec Early"]
[Site "Chess.com INT"]
[Date "2023.12.19"]
[Round "5"]
[White "Kolmagorov, Alexey"]
[Black "Tao, Sihan"]
[Result "1/2-1/2"]
[WhiteElo "2124"]
[BlackElo "2041"]
[PlyCount "90"]
[EventDate "2023.12.19"]
[EventType "swiss (blitz)"]
[EventRounds "11"]
[EventCountry "USA"]
[SourceTitle "CB52_2023"]
[SourceDate "2023.12.27"]
[SourceVersion "1"]
[SourceVersionDate "2023.12.27"]
[SourceQuality "1"]

1. d4 Nf6 2. c4 e6 3. g3 d5 4. Bg2 Bb4+ 5. Bd2 a5 6. Nf3 0-0 7. Qc2 c6 8. 0-0 Be7 9. Bf4 h6 10. h4 Bd6 11. Bxd6 Qxd6 12. Nbd2 b6 13. e4 dxe4 14. Nxe4 Nxe4 15. Qxe4 Bb7 16. Ne5 Nd7 17. Rfd1 Nxe5 18. dxe5 Qe7 19. Rd6 Rad8 20. Rad1 Ba8 21. c5 bxc5 22. Qc4 Rb8 23. Rd7 Qe8 24. Qxc5 Rxb2 25. Qxa5 Rb5 26. Qc7 Rb7 27. Qd6 Rxd7 28. Qxd7 Qxd7 29. Rxd7 Rb8 30. Rc7 g6 31. a4 c5 32. Rxc5 Bxg2 33. Kxg2 Rb4 34. Ra5 h5 35. Ra7 Kf8 36. a5 Rb5 37. f4 Rd5 38. a6 Ra5 39. Ra8+ Kg7 40. Kf3 Ra3+ 41. Ke4 Rxg3 42. Kd4 Rg4 43. Ke4 Rg3 44. Kd4 Rg4 45. Ke4 Rg3 1/2-1/2

[Event "Titled Tuesday intern op 12th Dec Early"]
[Site "Chess.com INT"]
[Date "2023.12.12"]
[Round "4"]
[White "Ivic, Velimir"]
[Black "Tao, Sihan"]
[Result "1-0"]
[WhiteElo "2570"]
[BlackElo "2041"]
[PlyCount "65"]
[EventDate "2023.12.12"]
[EventType "swiss (blitz)"]
[EventRounds "11"]
[EventCountry "USA"]
[SourceTitle "CB51_2023"]
[SourceDate "2023.12.20"]
[SourceVersion "1"]
[SourceVersionDate "2023.12.20"]
[SourceQuality "1"]

1. e4 c5 2. Nf3 d6 3. Nc3 Nc6 4. Bb5 Bd7 5. 0-0 Nf6 6. Re1 e6 7. d4 cxd4 8. Nxd4 Rc8 9. Nxc6 Bxc6 10. Bxc6+ Rxc6 11. Be3 a6 12. a4 Be7 13. a5 0-0 14. Bd4 d5 15. e5 Nd7 16. Re3 Bc5 17. Ne2 Rc8 18. c3 Bxd4 19. Nxd4 Nb8 20. Ra4 Nc6 21. Nb3 d4 22. cxd4 Qd5 23. Rc3 Nxe5 24. h3 Rfd8 25. Qc2 Rxc3 26. bxc3 Nc6 27. Nc5 Ne7 28. Rb4 Nc6 29. Rxb7 Nxa5 30. Ra7 Rb8 31. Rxa6 Ra8 32. Qa4 Rxa6 33. Qe8# 1-0

[Event "Titled Tuesday intern op 12th Dec Early"]
[Site "Chess.com INT"]
[Date "2023.12.12"]
[Round "3"]
[White "Tao, Sihan"]
[Black "Parra Gomez, Adrian"]
[Result "1-0"]
[WhiteElo "2041"]
[BlackElo "2208"]
[PlyCount "147"]
[EventDate "2023.12.12"]
[EventType "swiss (blitz)"]
[EventRounds "11"]
[EventCountry "USA"]
[SourceTitle "CB51_2023"]
[SourceDate "2023.12.20"]
[SourceVersion "1"]
[SourceVersionDate "2023.12.20"]
[SourceQuality "1"]

1. e4 c5 2. Nf3 d6 3. d4 cxd4 4. Nxd4 Nf6 5. Nc3 a6 6. Be3 e5 7. Nb3 Be7 8. f3 Be6 9. Qd2 0-0 10. 0-0-0 Nbd7 11. g4 b5 12. g5 b4 13. Qe2 bxc3 14. gxf6 cxb2+ 15. Kb1 Nxf6 16. Rg1 a5 17. Qg2 g6 18. Be2 Qc7 19. f4 Rfc8 20. Bd3 Ng4 21. Bd2 a4 22. Nd4 exd4 23. f5 Bxa2+ 24. Kxa2 Ne5 25. Qg3 Bf8 26. fxg6 fxg6 27. h4 Qf7+ 28. Kxb2 Rab8+ 29. Ka1 a3 30. Rb1 Rb2 31. Rxb2 axb2+ 32. Kxb2 Rb8+ 33. Kc1 Qa2 34. Kd1 Rb1+ 35. Ke2 Rxg1 36. Qxg1 Qf7 37. Qf2 Qxf2+ 38. Kxf2 Nxd3+ 39. cxd3 Bg7 40. Bb4 Be5 41. Kf3 Kf7 42. Kg4 h5+ 43. Kh3 Ke6 44. Bd2 Bf6 45. Kg3 Be5+ 46. Kf3 Kd7 47. Be1 Kc6 48. Ke2 Kb5 49. Kd1 Ka4 50. Kc2 Bf6 51. Bf2 Kb4 52. Be1+ Kc5 53. Kd2 d5 54. exd5 Kxd5 55. Ke2 g5 56. hxg5 Bxg5 57. Kf3 Ke5 58. Bg3+ Kf5 59. Bf2 Bf6 60. Bg3 h4 61. Bf2 Ke6 62. Kg4 Kd5 63. Bxh4 Bxh4 64. Kxh4 Kc5 65. Kg4 Kb4 66. Kf5 Kb3 67. Ke5 Kc3 68. Ke4 Kb4 69. Kxd4 Kb5 70. Kd5 Kb6 71. Kd6 Kb7 72. d4 Kc8 73. Ke7 Kc7 74. d5 1-0

[Event "Sunnyvale Silicon Valley Fall op"]
[Site "Sunnyvale"]
[Date "2023.09.04"]
[Round "9"]
[White "Yang, Jingyun Ryan"]
[Black "Tao, Sihan"]
[Result "0-1"]
[WhiteElo "1997"]
[BlackElo "2157"]
[PlyCount "168"]
[EventDate "2023.08.31"]
[EventType "swiss"]
[EventRounds "9"]
[EventCountry "USA"]
[SourceTitle "EXT 2024"]
[Source "ChessBase"]
[SourceDate "2023.10.10"]
[SourceVersion "1"]
[SourceVersionDate "2023.10.10"]
[SourceQuality "1"]

1. e4 c5 2. Nf3 d6 3. d4 cxd4 4. Nxd4 Nf6 5. Nc3 Nc6 6. Be2 g6 7. Be3 Bg7 8. Qd2 Ng4 9. Bxg4 Bxg4 10. f3 Be6 11. Nxe6 fxe6 12. 0-0 Qa5 13. Rad1 0-0 14. Kh1 Ne5 15. Qe2 Rac8 16. Nb5 Nc4 17. Nd4 Nxe3 18. Qxe3 Bxd4 19. Rxd4 Qb5 20. Rdd1 Rxc2 21. Qxa7 Qxb2 22. Rb1 Qxa2 23. Qxa2 Rxa2 24. Rxb7 Kf7 25. h4 Rc8 26. Kh2 Rcc2 27. Rg1 Kf6 28. Kh3 h5 29. Rb5 Rab2 30. Ra5 Rc5 31. Ra6 Rcb5 32. Rc1 g5 33. hxg5+ Rxg5 34. Rg1 h4 35. Ra8 Rg3+ 36. Kh2 Kf7 37. Rh8 Rxf3 38. Rxh4 e5 39. Rh7+ Ke6 40. Ra1 Rf7 41. Rxf7 Kxf7 42. Kg3 Rb3+ 43. Kf2 Kf6 44. Ra8 e6 45. Ra6 Rd3 46. Ke2 Rd4 47. Kf3 Kg5 48. Ra8 Rd3+ 49. Ke2 Rd4 50. Kf3 d5 51. Rg8+ Kf6 52. exd5 exd5 53. Rf8+ Ke7 54. Rh8 Rf4+ 55. Ke2 Ke6 56. Ke3 d4+ 57. Kd3 Rg4 58. Rh2 Kd5 59. Ke2 Ke4 60. Kf2 Rf4+ 61. Ke1 Kd3 62. g3 Rf3 63. Rg2 Ke4 64. g4 Ra3 65. Re2+ Kf4 66. Kf2 Rf3+ 67. Ke1 Rg3 68. Rf2+ Kxg4 69. Rf8 Rf3 70. Re8 Kf4 71. Ke2 Re3+ 72. Kd2 Rh3 73. Rf8+ Ke4 74. Ke1 Rh1+ 75. Kd2 Rh2+ 76. Ke1 Ke3 77. Kf1 d3 78. Kg1 Ra2 79. Re8 e4 80. Kf1 Ra1+ 81. Kg2 d2 82. Kh2 d1Q 83. Rg8 Qh1+ 84. Kg3 Rg1# 0-1

[Event "Sunnyvale Silicon Valley Fall op"]
[Site "Sunnyvale"]
[Date "2023.09.02"]
[Round "4"]
[White "Song, Edward"]
[Black "Tao, Sihan"]
[Result "1-0"]
[WhiteElo "2391"]
[BlackElo "2157"]
[PlyCount "71"]
[EventDate "2023.08.31"]
[EventType "swiss"]
[EventRounds "9"]
[EventCountry "USA"]
[SourceTitle "EXT 2024"]
[Source "ChessBase"]
[SourceDate "2023.10.10"]
[SourceVersion "1"]
[SourceVersionDate "2023.10.10"]
[SourceQuality "1"]

1. e4 c5 2. Nf3 d6 3. d4 cxd4 4. Nxd4 Nf6 5. Nc3 a6 6. Be3 e5 7. Nb3 Be7 8. f3 Be6 9. Qd2 h5 10. Nd5 Nxd5 11. exd5 Bf5 12. Be2 Bh4+ 13. g3 Be7 14. 0-0-0 Nd7 15. Kb1 Rc8 16. Rc1 Nc5 17. Nxc5 dxc5 18. f4 Bd6 19. fxe5 Bxe5 20. Bf4 Bf6 21. Bd3 Bxd3 22. Rhe1+ Kf8 23. Qxd3 c4 24. Qf3 g6 25. d6 Kg7 26. Qd5 Qd7 27. Be5 Bxe5 28. Rxe5 Rhe8 29. Rce1 Rxe5 30. Qxe5+ Kg8 31. Qf6 Re8 32. Rxe8+ Qxe8 33. Qe7 Qc6 34. a3 Qh1+ 35. Ka2 c3 36. d7 1-0

[Event "Sunnyvale Silicon Valley Fall op"]
[Site "Sunnyvale"]
[Date "2023.09.02"]
[Round "5"]
[White "Tao, Sihan"]
[Black "Guo, Ethan"]
[Result "0-1"]
[WhiteElo "2157"]
[BlackElo "1971"]
[PlyCount "72"]
[EventDate "2023.08.31"]
[EventType "swiss"]
[EventRounds "9"]
[EventCountry "USA"]
[SourceTitle "EXT 2024"]
[Source "ChessBase"]
[SourceDate "2023.10.10"]
[SourceVersion "1"]
[SourceVersionDate "2023.10.10"]
[SourceQuality "1"]

1. e4 c5 2. Nf3 d6 3. d4 cxd4 4. Nxd4 Nf6 5. Nc3 a6 6. f3 e6 7. Be3 b5 8. a3 h5 9. Qd2 Nbd7 10. 0-0-0 Bb7 11. Be2 Rc8 12. Kb1 Be7 13. Rhg1 Nb6 14. Bg5 Nc4 15. Bxc4 Rxc4 16. h4 0-0 17. Qd3 Qb6 18. Be3 Qc7 19. Nb3 Nd7 20. Bg5 Ne5 21. Qe2 Bxg5 22. hxg5 Rxc3 23. bxc3 Nc4 24. Nd2 Nxa3+ 25. Kb2 b4 26. Qd3 a5 27. g6 Ba6 28. gxf7+ Kxf7 29. Qxa6 Qxc3+ 30. Ka2 Qxc2+ 31. Ka1 Qc3+ 32. Ka2 Rc8 33. Qxd6 Qc2+ 34. Ka1 Qa4 35. Qd3 Rc3 36. Nb3 Nc2+ 0-1

[Event "Sunnyvale Independence Day op"]
[Site "Sunnyvale"]
[Date "2023.07.02"]
[Round "5"]
[White "Tao, Sihan"]
[Black "Fierro Baquero, Martha Lorena"]
[Result "1-0"]
[WhiteElo "2090"]
[BlackElo "2347"]
[PlyCount "205"]
[EventDate "2023.06.30"]
[EventType "swiss"]
[EventRounds "9"]
[EventCountry "USA"]
[SourceTitle "EXT 2024"]
[Source "ChessBase"]
[SourceDate "2023.10.10"]
[SourceVersion "1"]
[SourceVersionDate "2023.10.10"]
[SourceQuality "1"]

1. e4 g6 2. d4 Bg7 3. Nf3 d6 4. h3 Nf6 5. Nc3 0-0 6. Be3 c6 7. a4 Nbd7 8. Be2 e5 9. 0-0 Qe7 10. dxe5 dxe5 11. Qd3 Nh5 12. Rfd1 Nf4 13. Qd6 Nxe2+ 14. Nxe2 Bf6 15. Qd2 a5 16. Qc3 Qe6 17. Ng5 Qe7 18. Nf3 Qb4 19. Nd2 Be7 20. Nc4 Nc5 21. Qxe5 Be6 22. b3 Nd7 23. Rxd7 Bxd7 24. c3 Qxb3 25. Bh6 f6 26. Qxe7 Rf7 27. Qc5 Qc2 28. Re1 Be6 29. Nd6 Rd7 30. Nd4 Qa2 31. e5 Qd5 32. Qxd5 Bxd5 33. Ne4 Bxe4 34. Rxe4 Re8 35. e6 Rd5 36. Re1 Re5 37. Rb1 c5 38. Nf3 R5xe6 39. Rxb7 R6e7 40. Rb6 Re6 41. Rb7 R6e7 42. Rxe7 Rxe7 43. Be3 Rd7 44. Nd2 f5 45. Nb3 Rd1+ 46. Kh2 Rd3 47. Nxc5 Rxc3 48. Nb7 Rc4 49. Nxa5 Rxa4 50. Nc6 f4 51. Bd2 g5 52. Ne5 Ra2 53. Nf3 h5 54. g4 hxg4 55. hxg4 Kg7 56. Kg2 Kh6 57. Bc3 Ra6 58. Be5 Kg6 59. Bc7 Ra8 60. Bd6 Ra7 61. Nd2 Ra4 62. Be7 Ra7 63. Bc5 Ra4 64. Kf3 Ra5 65. Ne4 Rb5 66. Be7 Rb3+ 67. Kg2 Rb1 68. Bxg5 Rb4 69. f3 Rb2+ 70. Kf1 Rb1+ 71. Ke2 Rb2+ 72. Kd1 Rb3 73. Nd2 Rb4 74. Bh4 Ra4 75. Ke2 Ra3 76. Be1 Re3+ 77. Kf2 Ra3 78. Ne4 Ra2+ 79. Bd2 Rb2 80. Ke2 Ra2 81. Nc3 Rb2 82. Nd5 Kg5 83. Nxf4 Kh4 84. Nd3 Ra2 85. Nc5 Kg3 86. Ne4+ Kg2 87. g5 Ra3 88. Bc3 Ra2+ 89. Ke3 Ra6 90. Kf4 Kh3 91. Be1 Rb6 92. Bg3 Ra6 93. Kf5 Ra3 94. g6 Rxf3+ 95. Bf4 Ra3 96. g7 Ra8 97. Nf6 Kh4 98. Kg6 Kh3 99. Bd6 Ra2 100. Nh5 Ra8 101. Kf7 Kg4 102. Nf6+ Kf5 103. Ne8 1-0